[Event "C.to Italiano di Categoria B"]
[Site "Civitanova Marche ITA"]
[Date "2012.07.17"]
[Round "3"]
[White "Milazzo, Mario"]
[Black "Gattafoni, Alessio"]
[WhiteElo "2077"]
[BlackElo "1985"]
[Result "1-0"]
[PlyCount "57"]
[EventDate "2012.07.15"]

1. c4 e6 2. Nf3 d5 3. d4 Nf6 4. g3 c6 5. Bg2 Nbd7 6. b3 Ne4 7. O-O Be7 8. Nbd2
Nxd2 9. Nxd2 O-O 10. Bb2 Re8 11. e4 dxe4 12. Nxe4 Qc7 13. Rc1 Nf6 14. Qf3 Bd7
15. Rfd1 Rac8 16. Qd3 h6 17. d5 Nxe4 18. Bxe4 Bf8 19. d6 Qd8 20. c5 f5 21. Bf3
Kh7 22. Re1 b6 23. b4 bxc5 24. bxc5 Rb8 25. Bc3 Rb5 26. Bh5 g6 27. Qd4 gxh5 28.
Qh8+ Kg6 29. Qg8+ 1-0

[Event "C.to Italiano di Categoria B"]
[Site "Civitanova Marche ITA"]
[Date "2012.07.17"]
[Round "3"]
[White "Pacilli, Emanuele"]
[Black "Monducci, Mirko"]
[WhiteElo "2168"]
[BlackElo "1918"]
[Result "1-0"]
[PlyCount "107"]
[EventDate "2012.07.15"]

1. e4 c6 2. d4 d5 3. Nc3 dxe4 4. Nxe4 Bf5 5. Ng3 Bg6 6. Nh3 e6 7. Bc4 Bd6 8.
O-O Ne7 9. Re1 Nd7 10. Nf4 Bxf4 11. Bxf4 Nb6 12. Bb3 Nbd5 13. Bd2 O-O 14. h4 h6
15. c4 Nf6 16. h5 Bh7 17. Bc3 Nf5 18. Ne4 Nxe4 19. Rxe4 Nd6 20. Re5 Ne4 21. Bb4
Re8 22. Bc2 Nf6 23. Bxh7+ Kxh7 24. Bc3 Qd7 25. Qf3 Kh8 26. Rae1 b5 27. b3 Rab8
28. Qg3 a6 29. Qf3 Rbc8 30. Kh1 Rb8 31. g4 Nh7 32. Qe3 Ng5 33. f4 Nh7 34. g5
bxc4 35. bxc4 hxg5 36. fxg5 Nf8 37. d5 exd5 38. h6 Rxe5 39. hxg7+ Kg8 40.
gxf8=Q+ Rxf8 41. Qxe5 f6 42. gxf6 Qh3+ 43. Kg1 Qg4+ 44. Kf2 Qh4+ 45. Qg3+ Qxg3+
46. Kxg3 Rd8 47. Rd1 Re8 48. Kf3 Re4 49. cxd5 cxd5 50. Rxd5 Ra4 51. Rd7 Ra3 52.
Rc7 Ra4 53. Be5 Ra3+ 54. Kf4 1-0

[Event "C.to Italiano di Categoria B"]
[Site "Civitanova Marche ITA"]
[Date "2012.07.17"]
[Round "3"]
[White "Pierantozzi, Stanislao"]
[Black "Mastroddi, Emiliano"]
[WhiteElo "1986"]
[BlackElo "2089"]
[Result "0-1"]
[PlyCount "150"]
[EventDate "2012.07.15"]

1. d4 Nf6 2. c4 g6 3. Nc3 d5 4. cxd5 Nxd5 5. e4 Nxc3 6. bxc3 Bg7 7. Bc4 c5 8.
Ne2 O-O 9. O-O Nc6 10. Be3 cxd4 11. cxd4 Bg4 12. f3 Na5 13. Bd3 Be6 14. Qa4 a6
15. Rfc1 b5 16. Qb4 Bc4 17. Bxc4 Nxc4 18. Bf2 e6 19. a4 Qd7 20. axb5 axb5 21.
Rd1 Rxa1 22. Rxa1 Rb8 23. Rd1 Bf8 24. Qb3 Na5 25. Qa2 Nc6 26. d5 exd5 27. exd5
b4 28. Qa4 Ne5 29. Qb3 Qb5 30. Ng3 Qc4 31. Qe3 Nd7 32. Ne4 b3 33. Qf4 Rb4 34.
Bd4 b2 35. Bxb2 Qe2 36. Qd2 Rxb2 37. Qxe2 Rxe2 38. Kf1 Ra2 39. h3 h6 40. Rb1 f5
41. Nc3 Rc2 42. Ne2 Rd2 43. Nf4 g5 44. Ke1 Rd4 45. Nh5 Rxd5 46. Rb7 Kf7 47. f4
Be7 48. g4 fxg4 49. hxg4 Nc5 50. Ra7 Nd3+ 51. Ke2 Nxf4+ 52. Nxf4 gxf4 53. Kf3
Rd4 54. Rc7 Kf6 55. Ra7 Bd6 56. Ra5 Rd3+ 57. Kf2 Be5 58. Ra8 Bd4+ 59. Ke2 Re3+
60. Kf1 Kg5 61. Rd8 Bf6 62. Rf8 Ra3 63. Rf7 Rg3 64. Rf8 Rxg4 65. Kf2 Rh4 66.
Kg2 Kf5 67. Re8 Rg4+ 68. Kf3 Rg3+ 69. Kf2 Ra3 70. Ke2 Bg5 71. Kf2 Kg4 72. Re4
Ra2+ 73. Kf1 Kf3 74. Re1 Bf6 75. Rd1 Ra1 0-1

[Event "C.to Italiano di Categoria B"]
[Site "Civitanova Marche ITA"]
[Date "2012.07.17"]
[Round "3"]
[White "Raselli, Claudio"]
[Black "Boraso, Alessio"]
[WhiteElo "1890"]
[BlackElo "2078"]
[Result "0-1"]
[PlyCount "46"]
[EventDate "2012.07.15"]

1. Nf3 Nf6 2. d4 d6 3. Nbd2 g6 4. e4 Bg7 5. Bd3 O-O 6. O-O Nc6 7. c3 e5 8. dxe5
dxe5 9. Qc2 Nh5 10. Nc4 Bg4 11. Be2 h6 12. a4 Qe8 13. h3 Be6 14. Be3 Kh8 15.
Rad1 f5 16. exf5 gxf5 17. Bc5 Rg8 18. Nh4 Nf4 19. Kh2 Bf6 20. g3 Qf7 21. gxf4
Bxh4 22. Nxe5 Nxe5 23. fxe5 Qg7 0-1

[Event "C.to Italiano di Categoria B"]
[Site "Civitanova Marche ITA"]
[Date "2012.07.17"]
[Round "3"]
[White "Rinaudo, Andrea"]
[Black "Arnetta, Maria Teresa"]
[WhiteElo "2103"]
[BlackElo "2013"]
[Result "1/2-1/2"]
[PlyCount "82"]
[EventDate "2012.07.15"]

1. e4 c5 2. Nf3 Nc6 3. Bb5 Nf6 4. Nc3 Nd4 5. Bc4 e6 6. O-O d5 7. exd5 exd5 8.
Nxd4 dxc4 9. Qe2+ Qe7 10. Qxe7+ Bxe7 11. Ndb5 Kd8 12. a4 a6 13. Na3 Be6 14. d3
cxd3 15. Rd1 Kc7 16. Bf4+ Kc6 17. Rxd3 Rad8 18. Rad1 Rxd3 19. Rxd3 Rd8 20. Rxd8
Bxd8 21. f3 Nd5 22. Nxd5 Kxd5 23. Kf2 c4 24. Be3 Be7 25. Nb1 Bf6 26. Nc3+ Kc6
27. Ke2 b5 28. axb5+ axb5 29. Kd2 b4 30. Nd1 h5 31. h3 g5 32. g4 hxg4 33. hxg4
Bd5 34. Ke2 Kb5 35. f4 gxf4 36. Bxf4 Be4 37. c3 b3 38. Bd2 Kc6 39. Ne3 Kc5 40.
Kf2 Bh7 41. Ke2 Bd8 1/2-1/2

[Event "C.to Italiano di Categoria B"]
[Site "Civitanova Marche ITA"]
[Date "2012.07.17"]
[Round "3"]
[White "Sagripanti, Michele"]
[Black "Santeramo, Domenico"]
[WhiteElo "1981"]
[BlackElo "2042"]
[Result "1/2-1/2"]
[PlyCount "67"]
[EventDate "2012.07.15"]

1. e4 e6 2. d4 d5 3. Nd2 dxe4 4. Nxe4 b6 5. Be2 Bb7 6. Bf3 Nc6 7. c3 Qd7 8. Bf4
h6 9. h4 O-O-O 10. a4 a5 11. Ne2 f5 12. Nd2 Be7 13. h5 Nf6 14. Nc4 Nd5 15. Qb3
Rhe8 16. Rd1 Bg5 17. Bh2 Qf7 18. O-O g6 19. hxg6 Qg7 20. Rfe1 Qxg6 21. Qb5 Rg8
22. b4 Nce7 23. Nxb6+ Nxb6 24. Qc5 Rd7 25. d5 Bxd5 26. Rxd5 exd5 27. bxa5 Qc6
28. Qxc6 Nxc6 29. axb6 cxb6 30. Nd4 Nxd4 31. cxd4 f4 32. Bg4 Kc7 33. Rc1+ Kd6
34. Bxd7 1/2-1/2

[Event "C.to Italiano di Categoria B"]
[Site "Civitanova Marche ITA"]
[Date "2012.07.17"]
[Round "3"]
[White "Simeone, Giulio"]
[Black "Vesce, Emanuele"]
[WhiteElo "1984"]
[BlackElo "1872"]
[Result "0-1"]
[PlyCount "76"]
[EventDate "2012.07.15"]

1. c4 b6 2. Nf3 Bb7 3. Nc3 e6 4. e3 Nf6 5. Be2 Be7 6. Qc2 O-O 7. O-O d5 8. b3
c5 9. Bb2 Nc6 10. d4 Rc8 11. dxc5 bxc5 12. Rad1 d4 13. Ne4 e5 14. Nxf6+ Bxf6
15. Qf5 g6 16. Qg4 Rb8 17. exd4 exd4 18. Bd3 Re8 19. Rfe1 Qa5 20. a3 Rxe1+ 21.
Nxe1 Ne5 22. Qf4 Rd8 23. Bc2 Bg7 24. Nd3 Qc7 25. Kf1 Qc6 26. f3 Re8 27. Re1
Nxd3 28. Rxe8+ Qxe8 29. Bxd3 Be5 30. Qg5 Bxh2 31. Qxc5 Bg3 32. Be4 Bxe4 33.
fxe4 Qxe4 34. Qa5 Qb1+ 35. Ke2 Qxb2+ 36. Kd3 Qxb3+ 37. Kxd4 Qb6+ 38. Qxb6 axb6
0-1

[Event "C.to Italiano di Categoria B"]
[Site "Civitanova Marche ITA"]
[Date "2012.07.17"]
[Round "3"]
[White "Spornberger, Andre"]
[Black "Forlano, Luigi"]
[WhiteElo "1982"]
[BlackElo "1958"]
[Result "1-0"]
[PlyCount "120"]
[EventDate "2012.07.15"]

1. e4 c5 2. c3 g6 3. d4 cxd4 4. cxd4 d5 5. e5 Nc6 6. Nc3 Bg7 7. Bb5 a6 8. Ba4
e6 9. Bxc6+ bxc6 10. Na4 f6 11. exf6 Nxf6 12. Nf3 O-O 13. O-O Ne4 14. Be3 c5
15. dxc5 e5 16. Nb6 Be6 17. Nxa8 Qxa8 18. Ng5 Nxg5 19. Bxg5 d4 20. f3 h6 21.
Be7 Rf5 22. Re1 Bd5 23. Qd3 h5 24. Rad1 Qb7 25. Bd6 h4 26. h3 Kh7 27. Re2 Qf7
28. b3 a5 29. Rde1 Rg5 30. Bxe5 Bxf3 31. Rf2 Bxe5 32. Rxf3 Qd5 33. Qe4 Qxe4 34.
Rxe4 Bg3 35. Rxd4 Rxc5 36. Rfd3 a4 37. bxa4 Rc1+ 38. Rd1 Rc2 39. R4d2 Rc4 40.
Kf1 Rxa4 41. Ke2 Ra3 42. Rc2 Bf4 43. Rd3 Ra4 44. Rd7+ Kh6 45. Kd3 Be5 46. Re7
Bg7 47. Re4 Ra3+ 48. Kc4 g5 49. Rf2 Kh7 50. Kb4 Ra8 51. a4 Rc8 52. Ra2 Bc3+ 53.
Kb5 Rb8+ 54. Kc6 Ra8 55. Kb6 Rf8 56. Re7+ Kg6 57. a5 Rf6+ 58. Kb7 g4 59. a6 Bd4
60. hxg4 Rf4 1-0

[Event "C.to Italiano di Categoria B"]
[Site "Civitanova Marche ITA"]
[Date "2012.07.17"]
[Round "3"]
[White "Tardelli, Andrea"]
[Black "Allegranti, Luca"]
[WhiteElo "1736"]
[BlackElo "1974"]
[Result "1-0"]
[PlyCount "71"]
[EventDate "2012.07.15"]

1. d4 g6 2. e4 Bg7 3. Bf4 c5 4. Nf3 cxd4 5. e5 Nc6 6. Bc4 Qb6 7. Bb3 Qa5+ 8.
Qd2 Qxd2+ 9. Nbxd2 b6 10. O-O-O Bb7 11. Rhe1 Nh6 12. h3 Na5 13. Ne4 Nxb3+ 14.
axb3 O-O 15. Bh2 Nf5 16. g4 Ne3 17. fxe3 Bxe4 18. Nxd4 Rfc8 19. Rd2 Rc5 20. Ne2
Bd5 21. b4 Rb5 22. Nc3 Bc6 23. Nxb5 Bxb5 24. b3 a6 25. c4 Bc6 26. Ra2 Be4 27.
Rd1 b5 28. Rxd7 bxc4 29. bxc4 Rb8 30. Rd4 Bh1 31. c5 Bb7 32. Rad2 e6 33. Rd8+
Rxd8 34. Rxd8+ Bf8 35. Bf4 Kg7 36. Bg5 1-0

[Event "C.to Italiano di Categoria B"]
[Site "Civitanova Marche ITA"]
[Date "2012.07.17"]
[Round "3"]
[White "Teutsch, Alexander"]
[Black "Coronel, Joshua"]
[WhiteElo "2089"]
[BlackElo "1799"]
[Result "1-0"]
[PlyCount "77"]
[EventDate "2012.07.15"]

1. d4 Nf6 2. c4 g6 3. Nc3 Bg7 4. e4 d6 5. f4 e5 6. fxe5 dxe5 7. d5 Nbd7 8. Nf3
O-O 9. Bd3 Qe7 10. O-O Nc5 11. Qe2 a5 12. b3 Ne8 13. Ba3 f5 14. Na4 b6 15. Nxc5
bxc5 16. Qf2 f4 17. Bxc5 Nd6 18. Ba3 g5 19. c5 Ne8 20. Rad1 g4 21. d6 cxd6 22.
cxd6 Qd7 23. Nh4 Rf6 24. Nf5 Ba6 25. Qc5 Re6 26. Qxa5 Bxd3 27. Qxa8 Bxf1 28.
Rxf1 Bf8 29. Qd5 Nf6 30. Qc4 Kf7 31. Rc1 Qa7+ 32. Bc5 Qxa2 33. Bd4 f3 34. gxf3
gxf3 35. Bf2 Nd7 36. Qc2 Qxc2 37. Rxc2 Bxd6 38. Rd2 Nc5 39. Nxd6+ 1-0

[Event "C.to Italiano di Categoria B"]
[Site "Civitanova Marche ITA"]
[Date "2012.07.17"]
[Round "3"]
[White "Traversi, Carlo"]
[Black "Capito', Mario"]
[WhiteElo "1586"]
[BlackElo "1857"]
[Result "0-1"]
[PlyCount "45"]
[EventDate "2012.07.15"]

1. e4 Nf6 2. Nc3 e5 3. Nf3 d6 4. d4 exd4 5. Nxd4 Be7 6. Be2 Bd7 7. O-O O-O 8.
Be3 Re8 9. Qd2 c5 10. Nf5 Bxf5 11. exf5 d5 12. Bf4 Nc6 13. Bf3 Nd4 14. Qd3 Bd6
15. Bxd6 Qxd6 16. Rfe1 Re5 17. Rxe5 Qxe5 18. Kf1 c4 19. Qd1 Rd8 20. g3 Qxf5 21.
Bg2 Nxc2 22. Kg1 Nxa1 23. Qxa1 0-1

[Event "C.to Italiano di Categoria B"]
[Site "Civitanova Marche ITA"]
[Date "2012.07.18"]
[Round "4"]
[White "Allegranti, Luca"]
[Black "Raselli, Claudio"]
[WhiteElo "1974"]
[BlackElo "1890"]
[Result "0-1"]
[PlyCount "87"]
[EventDate "2012.07.15"]

1. b3 f5 2. Bb2 Nf6 3. Bxf6 exf6 4. e3 d5 5. d4 Bd6 6. g3 O-O 7. Bg2 c6 8. Nf3
Be6 9. O-O Nd7 10. Nbd2 b5 11. c4 bxc4 12. bxc4 Qa5 13. c5 Bc7 14. Qc2 Rab8 15.
Rfb1 Rxb1+ 16. Rxb1 Rb8 17. Rxb8+ Bxb8 18. Bf1 Qb4 19. Ne1 Qb7 20. Qa4 Nf8 21.
Nb3 Bd7 22. Ba6 Qc7 23. Na5 Ne6 24. Nc2 f4 25. Nb4 fxg3 26. hxg3 Nd8 27. Bf1 h5
28. Na6 Qc8 29. Nxb8 Qxb8 30. Bg2 Qb1+ 31. Kh2 Qf5 32. f3 Qg5 33. Qb3 h4 34. g4
f5 35. gxf5 Qg3+ 36. Kh1 h3 37. Bxh3 Qxh3+ 38. Kg1 Qg3+ 39. Kf1 Bxf5 40. e4
Bh3+ 41. Ke2 Qg2+ 42. Kd1 Qg1+ 43. Kc2 Qf2+ 44. Kd1 0-1

[Event "C.to Italiano di Categoria B"]
[Site "Civitanova Marche ITA"]
[Date "2012.07.18"]
[Round "4"]
[White "Andrenelli, Adriano"]
[Black "Coqueraut, Jean Dominique"]
[WhiteElo "1934"]
[BlackElo "1809"]
[Result "0-1"]
[PlyCount "78"]
[EventDate "2012.07.15"]

1. e4 e5 2. Nf3 d6 3. h3 Nf6 4. Nc3 Be7 5. d4 Nbd7 6. dxe5 dxe5 7. Bd3 O-O 8.
O-O a6 9. Bg5 c6 10. Bh4 Qc7 11. Re1 Rd8 12. Bg3 b5 13. Qc1 Bd6 14. Bh4 Re8 15.
a3 Bb7 16. Bf1 c5 17. Qd1 c4 18. Nd2 Bc5 19. Qf3 Bd4 20. Rad1 Bc6 21. Ndb1 Qb7
22. b3 cxb3 23. cxb3 Rac8 24. b4 Re6 25. Bd3 Nb6 26. Bc2 Nc4 27. Bb3 Rd6 28.
Bc2 Bd7 29. Nd5 Nxd5 30. exd5 Qxd5 31. Be4 Qe6 32. Rxd4 Rxd4 33. Nc3 Nd2 34.
Qg3 Nxe4 35. Nxe4 Rxe4 36. Rxe4 f6 37. Qd3 Bc6 38. Rg4 f5 39. Rd4 Qg6 0-1

[Event "C.to Italiano di Categoria B"]
[Site "Civitanova Marche ITA"]
[Date "2012.07.18"]
[Round "4"]
[White "Arnetta, Maria Teresa"]
[Black "Panella, Fiammetta"]
[WhiteElo "2013"]
[BlackElo "2043"]
[Result "1-0"]
[PlyCount "68"]
[EventDate "2012.07.15"]

1. e4 c5 2. b3 g6 3. Bb2 Nf6 4. e5 Nd5 5. e6 f6 6. exd7+ Bxd7 7. Nc3 Nxc3 8.
Bxc3 e5 9. f4 Bg7 10. fxe5 fxe5 11. Nf3 Qe7 12. Bc4 Nc6 13. O-O O-O-O 14. Qe1
Rhf8 15. Bd5 Nd4 16. Nxd4 cxd4 17. Bb2 Bb5 18. Rxf8 Rxf8 19. d3 Qf6 20. a4 Bc6
21. Bxc6 Qxc6 22. Ba3 Rf5 23. Qb4 Bh6 24. Qc5 Be3+ 25. Kh1 Qxc5 26. Bxc5 b6 27.
Bd6 Kd7 28. Bb8 a6 29. g4 Rf2 30. Bxe5 Rxc2 31. b4 Ke6 32. Bg3 Rd2 33. Bc7 Rxd3
34. Bxb6 Rb3 1-0

[Event "C.to Italiano di Categoria B"]
[Site "Civitanova Marche ITA"]
[Date "2012.07.18"]
[Round "4"]
[White "Bellincampi, Stefano"]
[Black "Giancotti, Eraldo"]
[WhiteElo "2069"]
[BlackElo "2062"]
[Result "1-0"]
[PlyCount "117"]
[EventDate "2012.07.15"]

1. e4 e6 2. d4 d5 3. Nd2 Nf6 4. Bd3 c5 5. e5 Nfd7 6. c3 Nc6 7. Ne2 cxd4 8. cxd4
f6 9. exf6 Nxf6 10. Nf3 Bd6 11. O-O O-O 12. Bf4 Bxf4 13. Nxf4 Ne4 14. Qc1 Nb4
15. Bb1 Bd7 16. Qe3 Qf6 17. Nd3 Nxd3 18. Bxd3 Rad8 19. Ne5 Nd6 20. Rac1 Bb5 21.
Rc7 Bxd3 22. Qxd3 Qf4 23. Qe3 a6 24. Nd7 Nb5 25. Rxb7 Rf7 26. Qxf4 Rxf4 27. Nc5
Nxd4 28. Rd1 Rc8 29. b4 a5 30. a3 axb4 31. axb4 e5 32. f3 Rf7 33. Rxf7 Kxf7 34.
Kf2 Ke7 35. Ra1 Rc7 36. Rb1 Kd6 37. Rb2 g5 38. Ke3 Ra7 39. Nd3 Nf5+ 40. Ke2 Ra3
41. b5 Nd4+ 42. Kd2 Nb3+ 43. Ke2 Nc5 44. Nf2 Rb3 45. Rxb3 Nxb3 46. Kd3 h5 47.
Kc3 Nd4 48. Kb4 Nc2+ 49. Ka5 Kc7 50. b6+ Kb8 51. Kb5 Ne3 52. Nd3 e4 53. fxe4
dxe4 54. Nc5 Nxg2 55. Nxe4 g4 56. Nf6 Kb7 57. Nd7 Nf4 58. Nc5+ Kb8 59. Kc6 1-0

[Event "C.to Italiano di Categoria B"]
[Site "Civitanova Marche ITA"]
[Date "2012.07.18"]
[Round "4"]
[White "Benaglia, Giovanni"]
[Black "Brioschi, Camillo"]
[WhiteElo "1980"]
[BlackElo "1836"]
[Result "0-1"]
[PlyCount "59"]
[EventDate "2012.07.15"]

1. d4 d5 2. Bg5 Nf6 3. e3 e6 4. Bd3 Nbd7 5. Nf3 Be7 6. Nbd2 c5 7. c3 O-O 8. Ne5
Re8 9. f4 Nf8 10. Qf3 N6d7 11. Bxe7 Qxe7 12. O-O f5 13. g4 Nf6 14. g5 Ne4 15.
Rad1 Bd7 16. Qh5 g6 17. Qh6 Qg7 18. Qxg7+ Kxg7 19. Ndf3 a6 20. Kg2 Bb5 21. dxc5
Nxc5 22. Bxb5 axb5 23. a3 Nb3 24. Nd4 Nxd4 25. Rxd4 Ra4 26. Rfd1 Ra5 27. Kf3
Re7 28. h4 Nd7 29. Nxd7 Rxd7 30. h5 0-1

[Event "C.to Italiano di Categoria B"]
[Site "Civitanova Marche ITA"]
[Date "2012.07.18"]
[Round "4"]
[White "Biancarelli, Renato"]
[Black "Pierantozzi, Stanislao"]
[WhiteElo "1520"]
[BlackElo "1986"]
[Result "0-1"]
[PlyCount "127"]
[EventDate "2012.07.15"]

1. e4 e5 2. Bc4 Nf6 3. d3 Bc5 4. Nf3 Nc6 5. c3 O-O 6. O-O d6 7. Bb3 Bb6 8. Nbd2
Ne7 9. Re1 c6 10. Nf1 Ng6 11. Be3 Bc7 12. Ng3 Be6 13. Bc2 h6 14. h3 Qd7 15. d4
Rfd8 16. Nf5 Nxe4 17. Nxh6+ gxh6 18. Bxe4 f5 19. Bc2 e4 20. Nh2 Kh7 21. Qh5 Qg7
22. d5 cxd5 23. Bd4 Qf7 24. Kh1 Rg8 25. Rg1 Raf8 26. Raf1 b6 27. Be3 f4 28. Bd4
Bd8 29. Ng4 Bg5 30. f3 Bf5 31. fxe4 dxe4 32. Rd1 d5 33. Bb3 Rd8 34. Nf6+ Bxf6
35. Qxf5 Rgf8 36. Qxf6 Qxf6 37. Bxf6 Rxf6 38. Rxd5 Rfd6 39. Rgd1 Rxd5 40. Rxd5
Rxd5 41. Bxd5 e3 42. Bc4 Ne5 43. Bb5 Kg6 44. Kg1 Kf5 45. Kf1 Kg5 46. b4 Kf5 47.
c4 Ke4 48. c5 bxc5 49. bxc5 Kd5 50. Ke2 Kxc5 51. a4 Kd4 52. Ba6 h5 53. Bb5 h4
54. Ba6 Kc3 55. Bb5 Kb4 56. Ke1 Kc3 57. Ke2 Kd4 58. Ba6 Kc3 59. Bb5 Kb4 60. Ke1
Ka5 61. Ke2 a6 62. Be8 Kb4 63. Ke1 Kc3 64. Bh5 0-1

[Event "C.to Italiano di Categoria B"]
[Site "Civitanova Marche ITA"]
[Date "2012.07.18"]
[Round "4"]
[White "Boraso, Alessio"]
[Black "Brociner, Beniamino"]
[WhiteElo "2078"]
[BlackElo "1961"]
[Result "1/2-1/2"]
[PlyCount "96"]
[EventDate "2012.07.15"]

1. d4 Nf6 2. c4 e6 3. Nc3 Bb4 4. a3 Bxc3+ 5. bxc3 c5 6. f3 d5 7. cxd5 exd5 8.
e3 O-O 9. Bd3 b6 10. Ne2 Ba6 11. O-O Re8 12. Ng3 Bxd3 13. Qxd3 Nc6 14. Bb2 Rc8
15. Rae1 Qd7 16. Qd1 Red8 17. Rf2 Ne8 18. Ref1 Rc7 19. Ne2 Qe6 20. Bc1 Rcd7 21.
g4 Nc7 22. Rg2 Na5 23. Nf4 Qc6 24. Nd3 Nc4 25. f4 Nb5 26. Qe1 Re7 27. Ne5 Nxe5
28. fxe5 Rde8 29. Rf3 Qg6 30. Rf5 Qc6 31. Rg3 Re6 32. Rgf3 R8e7 33. Bb2 cxd4
34. cxd4 Nd6 35. Qh4 Nc8 36. Bc1 h6 37. Bd2 Rd7 38. Qf2 Qc7 39. h4 b5 40. g5 h5
41. Qe2 Qc4 42. Qf2 Qc7 43. Rg3 g6 44. Rf6 Rde7 45. Rgf3 a5 46. Bc1 Rb6 47. Qb2
Qc4 48. Qf2 Qc7 1/2-1/2

[Event "C.to Italiano di Categoria B"]
[Site "Civitanova Marche ITA"]
[Date "2012.07.18"]
[Round "4"]
[White "Buriani, Andrea"]
[Black "Sagripanti, Michele"]
[WhiteElo "2174"]
[BlackElo "1981"]
[Result "1-0"]
[PlyCount "105"]
[EventDate "2012.07.15"]

1. d4 Nf6 2. Nf3 g6 3. Nbd2 d6 4. e4 Bg7 5. Bd3 O-O 6. O-O Nbd7 7. c3 c6 8. Re1
e5 9. Qc2 Qc7 10. Nb3 a5 11. a4 b6 12. Be3 Bb7 13. Rad1 Rfe8 14. h3 h6 15. Nbd2
Rad8 16. dxe5 dxe5 17. b4 axb4 18. cxb4 Nh5 19. Bf1 Nf4 20. Nc4 Bf8 21. Rb1 Ne6
22. Rec1 c5 23. bxc5 Ndxc5 24. Bxc5 Nxc5 25. Nxb6 Bxe4 26. Qxe4 Qxb6 27. Rxb6
Nxe4 28. Rb5 Bg7 29. a5 Nd6 30. Rd5 e4 31. Nd4 Nf5 32. Rxd8 Rxd8 33. Nc6 Ra8
34. Rd1 Kf8 35. a6 Ne7 36. Na5 Bc3 37. Nb7 f5 38. Rd7 f4 39. Nc5 e3 40. fxe3
fxe3 41. Bb5 Nf5 42. Ne6+ Kg8 43. a7 Bd4 44. Kf1 Ng3+ 45. Ke1 Bc3+ 46. Kd1 Bf6
47. Bc4 Kh8 48. Nf4 e2+ 49. Bxe2 Nxe2 50. Nxg6+ Kg8 51. Kxe2 Bd8 52. Rb7 h5 53.
h4 1-0

[Event "C.to Italiano di Categoria B"]
[Site "Civitanova Marche ITA"]
[Date "2012.07.18"]
[Round "4"]
[White "Capito', Mario"]
[Black "Fioravanti, Emidio"]
[WhiteElo "1857"]
[BlackElo "1904"]
[Result "1-0"]
[PlyCount "149"]
[EventDate "2012.07.15"]

1. e4 c5 2. Nc3 Nc6 3. f4 g6 4. Nf3 d6 5. g3 Bg7 6. Bg2 Nf6 7. d3 Bg4 8. Ne2
Qb6 9. c3 O-O 10. Qc2 Rac8 11. Be3 Nd7 12. Qd2 f5 13. Ng5 fxe4 14. dxe4 Nf6 15.
h3 Bxe2 16. Qxe2 Nd8 17. O-O h6 18. Nf3 Kh7 19. Nh4 e5 20. b4 Nf7 21. bxc5 dxc5
22. Rab1 Qc7 23. a4 b6 24. Rb3 Rfd8 25. Rfb1 Qd6 26. a5 Rc6 27. axb6 Rxb6 28.
Rxb6 axb6 29. Qc4 Rd7 30. Bf1 Nh5 31. f5 g5 32. g4 Nf4 33. Nf3 Nd8 34. Qa6 Rb7
35. Nd2 Qc6 36. Kh2 Rb8 37. Bb5 Qa8 38. Qxa8 Rxa8 39. Bc4 Ra3 40. Rxb6 Rxc3 41.
Bxf4 exf4 42. Rd6 Nb7 43. Rd7 Rc2 44. f6 Rxd2+ 45. Rxd2 Na5 46. fxg7 Nxc4 47.
Rc2 Nd6 48. e5 Ne4 49. Rc4 Nd2 50. Rxc5 Kxg7 51. Rd5 Nc4 52. Rd7+ Kg6 53. e6
Kf6 54. Rh7 Kxe6 55. Rxh6+ Kf7 56. h4 Ne5 57. Kh3 gxh4 58. Kxh4 f3 59. g5 Ng6+
60. Kg3 Ne5 61. Rf6+ Kg7 62. Rf5 Nf7 63. Kg4 Nd6 64. Rxf3 Nc4 65. Rc3 Nd2 66.
Kf5 Nb1 67. Rd3 Kf7 68. Rd7+ Kg8 69. Kg6 Kf8 70. Kf6 Ke8 71. Re7+ Kd8 72. g6
Nc3 73. Re5 Kd7 74. g7 Kc6 75. g8=Q 1-0

[Event "C.to Italiano di Categoria B"]
[Site "Civitanova Marche ITA"]
[Date "2012.07.18"]
[Round "4"]
[White "Chiarion, Elisa"]
[Black "Miandro, Roberto"]
[WhiteElo "2004"]
[BlackElo "2093"]
[Result "0-1"]
[PlyCount "76"]
[EventDate "2012.07.15"]

1. e4 c5 2. Nf3 d6 3. d4 cxd4 4. Nxd4 Nf6 5. Nc3 a6 6. f4 e5 7. Nf3 Qc7 8. a4
Be7 9. Be2 O-O 10. O-O Nc6 11. Kh1 Rd8 12. Qe1 exf4 13. Bxf4 Ne5 14. Nd4 Be6
15. Nf5 Bxf5 16. exf5 Rac8 17. a5 Re8 18. Ra4 Qd7 19. b3 Qxf5 20. Qd2 Qe6 21.
Bd3 Nxd3 22. Qxd3 Rc5 23. Rd1 Bf8 24. Bg3 Qe3 25. Na2 Qxd3 26. cxd3 Rb5 27. b4
Rc8 28. Rc1 Rxc1+ 29. Nxc1 h6 30. Kg1 Nd5 31. Be1 Be7 32. Nb3 Bf6 33. d4 Ne3
34. Ra2 Nf5 35. Bc3 Ne7 36. Ra4 Rf5 37. Ra2 Bg5 38. g3 Rf3 0-1

[Event "C.to Italiano di Categoria B"]
[Site "Civitanova Marche ITA"]
[Date "2012.07.18"]
[Round "4"]
[White "Forlano, Luigi"]
[Black "Vesce, Emanuele"]
[WhiteElo "1958"]
[BlackElo "1872"]
[Result "1-0"]
[PlyCount "45"]
[EventDate "2012.07.15"]

1. Nf3 c5 2. g3 b6 3. Bg2 Bb7 4. d3 d5 5. Nbd2 Nf6 6. O-O e6 7. Re1 Be7 8. e4
Qc7 9. e5 Nfd7 10. c3 Nc6 11. Qe2 b5 12. Nf1 a5 13. Bf4 Ba6 14. h4 b4 15. Ne3
Qb6 16. Nxd5 exd5 17. e6 fxe6 18. Qxe6 O-O-O 19. Bh3 Bf6 20. Qxd5 Bb7 21. Re6
Nce5 22. Rxb6 Bxd5 23. Nxe5 1-0

[Event "C.to Italiano di Categoria B"]
[Site "Civitanova Marche ITA"]
[Date "2012.07.18"]
[Round "4"]
[White "Fratini, Mauro"]
[Black "Simeone, Giulio"]
[WhiteElo "1862"]
[BlackElo "1984"]
[Result "1-0"]
[PlyCount "41"]
[EventDate "2012.07.15"]

1. d4 g6 2. Bf4 Bg7 3. Nf3 c5 4. e3 Nf6 5. c3 Qb6 6. Qb3 d6 7. dxc5 dxc5 8.
Nbd2 Be6 9. Bc4 Qxb3 10. axb3 Bxc4 11. Nxc4 Nbd7 12. O-O Nd5 13. Bg3 O-O 14.
Rfd1 N5b6 15. Na5 e5 16. Nxb7 Rfc8 17. Nd6 Rc6 18. Nc4 f6 19. Nxb6 Nxb6 20. Ra6
Rcc8 21. Kf1 1-0

[Event "C.to Italiano di Categoria B"]
[Site "Civitanova Marche ITA"]
[Date "2012.07.18"]
[Round "4"]
[White "Gattafoni, Alessio"]
[Black "Guglielmi, Dante"]
[WhiteElo "1985"]
[BlackElo "1897"]
[Result "1-0"]
[PlyCount "100"]
[EventDate "2012.07.15"]

1. e4 c5 2. Nc3 Nf6 3. Nf3 d6 4. g3 g6 5. Bg2 Bg7 6. O-O Nc6 7. d3 O-O 8. h3
Rb8 9. Be3 b5 10. e5 Ne8 11. exd6 exd6 12. d4 b4 13. Ne4 Bf5 14. Ned2 cxd4 15.
Bg5 Qc7 16. g4 Be6 17. Nb3 Qb6 18. Qd2 Nf6 19. Nfxd4 Ne4 20. Bxe4 Nxd4 21. Be3
Nxb3 22. axb3 Qb5 23. Qxd6 h5 24. Bxa7 Rbc8 25. Bd3 Qg5 26. Qg3 hxg4 27. Be3
Qh5 28. hxg4 Bxg4 29. Kg2 Be2 30. Rh1 Qd5+ 31. Kg1 Bh5 32. Rh4 Ra8 33. Ra4 Bxb2
34. Rhxb4 Be5 35. Qg5 Qd6 36. Qg2 Rxa4 37. Rxa4 Rb8 38. Rh4 Kf8 39. Bh6+ Ke8
40. Re4 Rb4 41. Rxb4 Qxb4 42. Qa8+ Kd7 43. Qd5+ Bd6 44. Qxf7+ Be7 45. Qd5+ Bd6
46. Bb5+ Ke7 47. Bg5+ Kf8 48. Qa8+ Kg7 49. Qb7+ Kg8 50. Bc4+ Kf8 1-0

[Event "C.to Italiano di Categoria B"]
[Site "Civitanova Marche ITA"]
[Date "2012.07.18"]
[Round "4"]
[White "Iori, Massimiliano"]
[Black "Teutsch, Alexander"]
[WhiteElo "1962"]
[BlackElo "2089"]
[Result "1/2-1/2"]
[PlyCount "149"]
[EventDate "2012.07.15"]

1. d4 Nf6 2. Bf4 e6 3. e3 c5 4. c3 Qb6 5. Qb3 Qxb3 6. axb3 cxd4 7. exd4 Nc6 8.
Bd3 d6 9. Nf3 Nh5 10. Be3 Rb8 11. b4 b5 12. Nbd2 a6 13. Be4 d5 14. Bd3 g6 15.
g4 Nf6 16. Bf4 Rb6 17. h3 Nd7 18. Nb3 Be7 19. Nc5 Bd8 20. O-O O-O 21. Nxd7 Bxd7
22. Ra2 f6 23. Bg3 Re8 24. Re1 Kg7 25. Bc2 Bc8 26. Bb3 Kf7 27. Raa1 a5 28. bxa5
Ra6 29. Bc2 Nxa5 30. b4 Nc4 31. Rxa6 Bxa6 32. Ra1 Bb7 33. Bd3 Bb6 34. Ra2 Rc8
35. Kf1 g5 36. Ke2 Ke7 37. Bxc4 dxc4 38. Ra1 h5 39. gxh5 Rh8 40. Ng1 Rxh5 41.
Bc7 Bxc7 42. Ra7 Kd7 43. Rxb7 Kc6 44. Ra7 Bh2 45. Nf3 Bc7 46. Ng1 Rh8 47. Kf1
Kb6 48. Ra2 e5 49. dxe5 Bxe5 50. Rc2 Rd8 51. Kg2 Rd3 52. Ne2 f5 53. f3 Kc6 54.
Kf2 Kd5 55. Kg2 Ke6 56. Kf2 Kf6 57. Kg2 Kg6 58. Kf2 Kh5 59. Kg2 Kh4 60. Ra2 g4
61. hxg4 fxg4 62. fxg4 Kxg4 63. Ra5 Bxc3 64. Nxc3 Rxc3 65. Rxb5 Rb3 66. Kf2 Kf4
67. Ke2 Rb2+ 68. Kd1 Ke3 69. Kc1 Rg2 70. Rd5 Ke4 71. Rd8 Rg3 72. Kc2 Rb3 73.
Rd7 Rxb4 74. Kc3 Ra4 75. Rd8 1/2-1/2